<?xml version="1.0" encoding="UTF-8"?>
<record
    xmlns:xsi="http://www.w3.org/2001/XMLSchema-instance"
    xsi:schemaLocation="http://www.loc.gov/MARC21/slim http://www.loc.gov/standards/marcxml/schema/MARC21slim.xsd"
    xmlns="http://www.loc.gov/MARC21/slim">

  <leader>00351nam a22001217a 4500</leader>
  <controlfield tag="003">SGT</controlfield>
  <datafield tag="082" ind1=" " ind2=" ">
    <subfield code="a">891.4309</subfield>
    <subfield code="b">G07K</subfield>
  </datafield>
  <datafield tag="100" ind1=" " ind2=" ">
    <subfield code="a">&#x915;&#x941;&#x92E;&#x93E;&#x930;&#x92A;&#x94D;&#x92A;&#x93E;, &#x91C;&#x94B;. &#x915;&#x949;. </subfield>
  </datafield>
  <datafield tag="245" ind1=" " ind2=" ">
    <subfield code="a"> &#x917;&#x93E;&#x902;&#x935; &#x906;&#x902;&#x926;&#x94B;&#x932;&#x928; &#x915;&#x94D;&#x92F;&#x94B;&#x902;?</subfield>
  </datafield>
  <datafield tag="260" ind1=" " ind2=" ">
    <subfield code="b">&#x92E;&#x917;&#x928; &#x938;&#x902;&#x917;&#x94D;&#x930;&#x93E;&#x939;&#x932;&#x92F; &#x938;&#x92E;&#x93F;&#x924;&#x93F; </subfield>
    <subfield code="c">2007</subfield>
  </datafield>
  <datafield tag="300" ind1=" " ind2=" ">
    <subfield code="a">198</subfield>
  </datafield>
  <datafield tag="942" ind1=" " ind2=" ">
    <subfield code="2">ddc</subfield>
    <subfield code="c">BK</subfield>
  </datafield>
  <datafield tag="952" ind1=" " ind2=" ">
    <subfield code="0">0</subfield>
    <subfield code="1">0</subfield>
    <subfield code="2">ddc</subfield>
    <subfield code="4">0</subfield>
    <subfield code="7">1</subfield>
    <subfield code="a">CL</subfield>
    <subfield code="b">CL</subfield>
    <subfield code="c">REF</subfield>
    <subfield code="d">2025-02-10</subfield>
    <subfield code="g">200.00</subfield>
    <subfield code="i">SGTU</subfield>
    <subfield code="l">0</subfield>
    <subfield code="o">891.4309 G07K</subfield>
    <subfield code="p">CH2339</subfield>
    <subfield code="r">2025-02-10 00:00:00</subfield>
    <subfield code="w">2025-02-10</subfield>
    <subfield code="y">BK</subfield>
  </datafield>
  <datafield tag="999" ind1=" " ind2=" ">
    <subfield code="c">29779</subfield>
    <subfield code="d">29779</subfield>
  </datafield>
</record>
